000 00659cam a22002413a 4500
001 27475
003 PGUSA
005 20140828083607.0
008 081209s2008||||xxu|||||s|||||000 1 eng d
040 _aPGUSA
_beng
042 _adc
050 4 _aPS
100 1 _aRyan, Marah Ellis,
_d1866-1934
245 1 0 _aThat Girl Montana
_h[electronic resource] /
_cMarah Ellis Ryan
260 _bProject Gutenberg,
_c2008
506 _aPublic domain in the USA.
516 _aElectronic text
653 _aWestern stories
653 _aMontana -- Fiction
830 0 _aProject Gutenberg
_v27475
856 4 0 _uhttp://www.gutenberg.org/ebooks/27475
942 _cEB
999 _c256730
_d256730